Giáo triÌ€nh cơ sở kỹ thuâÌ£t môi trươÌ€ng

Cung cấp những kiến thức cơ bản vêÌ€ sinh thái hoÌ£c, bảo vêÌ£ môi trươÌ€ng, khai thác sử duÌ£ng hơÌ£p lí vaÌ€ tiết kiêÌ£m taÌ€i nguyên thiên nhiên

保存先:
書誌詳細
第一著者: Tăng, Văn ĐoaÌ€n
その他の著者: TrâÌ€n, Đức HaÌ£
フォーマット: 図書
言語:Undetermined
出版事項: H. Giáo duÌ£c 2008
主題:
オンライン・アクセス:http://lrc.tdmu.edu.vn/opac/search/detail.asp?aID=2&ID=7730
タグ: タグ追加
タグなし, このレコードへの初めてのタグを付けませんか!
Thư viện lưu trữ: Trung tâm Học liệu Trường Đại học Thủ Dầu Một
LEADER 01213nam a2200217Ia 4500
001 TDMU_7730
008 210410s9999 xx 000 0 und d
082 |a 363.7 
090 |b T116 
100 |a Tăng, Văn ĐoaÌ€n 
245 0 |a Giáo triÌ€nh cơ sở kỹ thuâÌ£t môi trươÌ€ng 
245 0 |c PGS. Tăng Văn ĐoaÌ€n, PGS. TS. TrâÌ€n Đức HaÌ£ 
260 |a H. 
260 |b Giáo duÌ£c 
260 |c 2008 
300 |a 179tr. 
520 |a Cung cấp những kiến thức cơ bản vêÌ€ sinh thái hoÌ£c, bảo vêÌ£ môi trươÌ€ng, khai thác sử duÌ£ng hơÌ£p lí vaÌ€ tiết kiêÌ£m taÌ€i nguyên thiên nhiên 
650 |a Kỹ thuâÌ£t môi trươÌ€ng   |v Giáo triÌ€nh; Môi trươÌ€ng; Kỹ thuâÌ£t môi trươÌ€ng; Bảo vêÌ£ môi trươÌ€ng; Ô nhiễm môi trươÌ€ng 
700 |a TrâÌ€n, Đức HaÌ£ 
856 |u http://lrc.tdmu.edu.vn/opac/search/detail.asp?aID=2&ID=7730 
980 |a Trung tâm Học liệu Trường Đại học Thủ Dầu Một